| 000 | 01019nam a22002057a 4500 | ||
|---|---|---|---|
| 005 | 20241004120950.0 | ||
| 010 | _aHIN-128524 | ||
| 020 |
_a9789355431219 _c399.00 |
||
| 035 | _aHN-100870 | ||
| 037 | _bDBAD | ||
| 082 | _a921 | ||
| 100 |
_aकिदवई, रशीद _972375 |
||
| 245 |
_aसिंधिया राजघराना; _bसत्ता, राजनीति और षडयंत्रों की महगाथा/ _cरशीद किदवई; जयजीत अकलेचा द्वारा अनुवादित |
||
| 246 | _aThe House of Scindias- A Saga of Power, Politics and Intrigue | ||
| 260 |
_aनोएडा, उ. प्र. _bमंजुल पब्लिशिंग हाउस _c2022 |
||
| 270 |
_aसी-16,सेक्टर 3 _bनोएडा, उ. प्र. _e201301 |
||
| 300 |
_a210 पृ. _c22 सेमी (अजिल्द) |
||
| 700 |
_aअकलेचा, जयजीत _972296 |
||
| 942 |
_cHN _2ddc _h921 _mकिदव |
||
| 999 |
_c206068 _d206068 |
||